Normal view
MARC view
- García de León Alvarez, María Antonia
Entry Nombre Personal
001 - NUMERO DE CONTROL
- campo de control: 35519
003 - IDENTIFICADOR DE NUMERO DE CONTROL
- campo de control: UPN
005 - FECHA Y HORA DE LA ÜLTIMA TRANSACCIÓN
- campo de control: 20210219194504.0
008 - DATOS DE LONGITUD FIJA
- campo de control de longitud fija: nabaccnnaabn|||||||||| b |nc|||||d
035 ## - NUMERO DE CONTROL
- Número de control: UPN11000007626
040 ## - FUENTE DE CATALOGACIÓN
- Lenguaje de catalogación: SPA
- Agencia de transcripción: UPN
100 1# - ENCABEZAMIENTO - NOMBRE PERSONAL
- Nombre personal: García de León Alvarez, María Antonia
400 1# - VEÁSE - NOMBRE DE PERSONA
- Personal name: García de León, María Antonia
670 ## - FUENTE EN LA QUE SE LOCALIZARON DATOS
- Cita de la fuente: LC/P
680 ## - NOTA PUBLICA DE ACCESO PÚBLICO
- Frase explicativa de la referencia: Socióloga, crítica cinematográfica y escritora española. Se ha ocupado principalmente del Feminismo en el campo de las élites femeninas o género y poder. También ha escrito sobre sociología de la educación y cine y cultura visual
902 ## - CATALOGADOR
- Catalogador: BDV/310714
